000 00291nam a22001337a 4500
008 190206b xxu||||| |||| 00| 0 eng d
020 _a9780534394202
041 _aeng
080 _27th
_a510
100 _a38
101 _aMAT
245 _aFinite Mathematics
_cTan,S.T
942 _2udc
_cBK
999 _c54091
_d54091